[Event "Herzliya"]
[Site "Herzliya"]
[Date "2000.09.13"]
[Round "8"]
[White "Marcelin, Cyril"]
[Black "Wells, Peter K"]
[Result "0-1"]
[WhiteElo "2433"]
[BlackElo "2506"]
[Annotator "Tsesarsky,I"]
[PlyCount "70"]
[EventDate "2000.09.06"]
[EventType "tourn"]
[EventRounds "9"]
[EventCountry "ISR"]
[EventCategory "9"]
[SourceTitle "CBM 079"]
[Source "ChessBase"]
[SourceDate "2000.11.21"]
[SourceVersion "1"]
[SourceVersionDate "2000.11.21"]
[SourceQuality "1"]

1. d4 Nf6 2. Bg5 Ne4 3. Bf4 c5 4. f3 Qa5+ 5. c3 Nf6 6. d5 e6 7. e4 exd5 8. exd5
d6 9. Nd2 (9. Qd2 Be7 10. c4 Qxd2+ 11. Kxd2 b5 12. Nc3 a6 13. Re1 $14 {1-0
Bennett,T-Webb,S/London 1978/MCD (42)}) (9. Qe2+ Be7 10. Bxd6 Nxd5 11. Qe4 (11.
Bxb8 Rxb8 12. Qe5 Qb6 {After} 13. Qxb8 $5 {the game is very comlicated:} (13.
Qxd5 Qxb2 $19 {0-1 Popov,V-Novik,M/St Petersburg 1992/CBM 28 ext (53)}) 13...
O-O 14. Qe5 (14. Nd2 Ne3 15. Qe5 Nc2+ (15... Re8 16. Ke2 $8 Qb5+ 17. c4 $1 $13)
16. Kd1 Bf6 17. Qe4 Nxa1 18. Qb1 Rd8 $17) 14... Re8 $44) 11... Nc6 12. Qxd5 Be6
13. Qxc5 Qxc5 14. Bxc5 Bxc5 15. Nd2 (15. Bb5 O-O-O $44 {0-1 Neihs,H-Cvitan,O/
Oberwart 1993/EXT 98 (25)}) 15... O-O-O 16. Ne4 Be3 $44 {0-1 Kogan,B-Wilder,M/
USA-ch 1986/CBM 03 (26)}) (9. Ne2 Nbd7 10. Nd2 Nb6 11. b4 cxb4 12. c4 Be7 13.
Nd4 Bd7 14. N2b3 Qa4 15. Bd3 Rc8 16. O-O O-O 17. Rc1 Nh5 18. Bd2 Bf6 19. g4
$132 {1-0 Gulko,B-Browne,W/USA-ch 1992/TD (60)}) (9. Na3 Be7 10. g4 Nbd7 11.
Nc4 Qc7 12. a4 O-O 13. Ne2 Re8 14. Kf2 $11 {1/2-1/2 Benjamin,J-Ivanov,A/
Philadelphia 1999/EXT 2000 (22)}) 9... Be7 10. a4 {Another continuations also
don't bring to White any advantage:} (10. Ne4 O-O 11. Ne2 Na6 12. N2g3 Rd8 13.
Qd2 b5 $132 {1/2-1/2 Garcia Conesa,G-Lobo/Catalunya 1996/EXT 99 (51)}) (10. Ne2
O-O 11. Ng3 b5 12. a4 Qc7 13. Nde4 Nxe4 14. fxe4 bxa4 15. Qxa4 $132 {0-1
Schneider,S-Mirumian,V/Zagan 1997/CBM 59 ext (44)}) 10... O-O 11. Nc4 Qd8 12.
Qd2 (12. Ne2 Re8 13. Kf2 Nh5 14. Be3 Bf8 15. g3 Nd7 16. Qd2 $11 {0-1 Bisguier,
A-Ivanov,I/New York 1984/MCD (29)}) 12... Na6 (12... Re8 13. Ne2 Na6 $132 14.
g4 $5 {-like in this game.}) 13. g4 Re8 14. Ne2 Nc7 {[%csl Rd5]} 15. Ne3 $8 {
[%csl Yd5]} b6 {[%csl Rd5][%cal Gc8b7,Gc8a6]} 16. Kf2 (16. Bg3 a6 (16... Bb7
17. c4 $132) 17. Bg2 b5 18. axb5 axb5 19. Rxa8 Nxa8 20. O-O $132) 16... h5 17.
h3 Nh7 $6 $14 {[%cal Ge7h4] Not necessary P sacrifice!} ({Quite good was} 17...
h4 $132 {[%cal Gf6h7] with equal position}) 18. gxh5 $1 (18. Kg1 $6 Bg5 19. Re1
(19. gxh5 $2 Bxf4 20. Nxf4 Qg5+ 21. Ng4 Bxg4 22. hxg4 Nxd5 $1 23. Qxd5 Qxf4 $17
{[%csl Rg1][%cal Gh7g5,Ge8e1]}) 19... Qf6 20. Ng2 h4 $1 21. c4 a6 22. b3 b5 $15
{[%csl Rh1]}) 18... Bh4+ (18... Bg5 19. Ng2 $14) 19. Bg3 (19. Kg1 Bg5 $44)
19... Qg5 20. Bxh4 Qxh4+ 21. Ng3 Ng5 $2 $16 (21... Re5 $5 {[%csl Rd5]} 22. Ng2
$1 {Repelling Black Q.} (22. c4 $2 Ng5 23. Bg2 (23. Ng2 Nxh3+ $17) 23... Ba6
24. Rae1 f5 $1 $19) 22... Qf6 23. c4 Bd7 $14) 22. b3 $4 $17 ({Was keep
advantage} 22. Ng4 $1 $16 {[%cal Gd2f4] Threatening Qf4!}) 22... Qf4 $1 {
[%csl Rf3]} 23. Bg2 $8 Nxd5 $1 {Nc7 wanted to join to the struggle too much
time...} 24. Rae1 (24. Nc4 Qxd2+ 25. Nxd2 Nf4 $1 {[%csl Rh3]} (25... Nxc3 26.
f4 $16) 26. h4 Ngh3+ 27. Bxh3 Nxh3+ $17) 24... Nf6 (24... Bb7 $144 {[%csl Rf3]}
25. Qc1 (25. Qd3 Nf6 $1 {[%cal Gf6e4]} (25... Nxe3 $6 26. Rxe3 Rxe3 27. Qxe3
Qxe3+ 28. Kxe3 $15) 26. Ne2 Nfe4+ 27. Kf1 Ng3+ 28. Nxg3 Qxg3 $19 {[%csl Rf1,
Rf3]}) 25... Nf6 26. Nc4 Nfe4+ 27. Nxe4 Nxe4+ 28. Kg1 Qxc1 29. Rxc1 d5 $1 (
29... Ng3 $2 30. Nxd6 Re7 31. Nxb7 {[%cal Gf3f4]} Nxh1 32. Kxh1 Rxb7 33. f4
Rab8 34. Bxb7 Rxb7 $14) 30. Nxb6 axb6 31. fxe4 dxe4 $17) 25. Nef1 Nfe4+ $1 {
Black starts decisive Attack.} 26. Nxe4 Nxe4+ 27. Rxe4 Rxe4 28. Qd5 Bb7 ({Not} 
28... Qh4+ $2 29. Ng3 Re2+ 30. Kxe2 Qxg3 31. Qxa8 Qxg2+ 32. Kd3 Qxh1 33. Qxc8+
Kh7 34. Qf5+ Kg8 $11) 29. Qxb7 Rae8 30. Qa6 (30. Qd7 Re1 $1 $19 {[%cal Ge8e2,
Gf4e3]}) 30... Re1 $4 $15 ({Very strong was immediately} 30... Re2+ 31. Kg1 (
31. Qxe2 Qh4+ 32. Ng3 Rxe2+ $19) 31... Qc1 $1 {[%csl Rg1,Rh1][%cal Gc1e1,Ge1f2]
and White can't defend his K - Black has decisive attack:} 32. Qc4 (32. Qd3 Qe1
33. Rh2 Qf2+ 34. Kh1 Re1 $19 {[%cal Ge8e2]}) 32... Qe1 33. Qg4 $1 Qxc3 34. Ng3
{[%tqu "En","?","","","e2g2","",10]} Rxg2+ $1 35. Kxg2 Qd2+ 36. Kg1 Re1+ 37.
Nf1 Qe3+ 38. Kh2 Re2+ 39. Kg3 Qf2+ 40. Kf4 {[%tqu "En","?","","","e2e4","",10]}
Re4+ $3 41. Kf5 (41. Kxe4 Qd4+ 42. Kf5 Qe5#) 41... Re5+ 42. Kf4 f5 $19) 31. Qd3
$4 $19 (31. h4 $1 $15 {[%csl Gh4] and Black can't play Qh4+.}) 31... R8e2+ 32.
Kg1 (32. Qxe2 Qh4+ $19) 32... Rd2 (32... Qg5 33. Rh2 Qh4 $19) 33. Qc4 Qg3 34.
Rh2 Rf2 (34... Qf2+ 35. Kh1 Rdd1 $19) 35. Kh1 Rexf1+ 0-1

[Event "Salou-A"]
[Site "Salou"]
[Date "2000.??.??"]
[Round "7"]
[White "Hamdouchi, Hicham"]
[Black "Pogorelov, Ruslan"]
[Result "1/2-1/2"]
[WhiteElo "2541"]
[BlackElo "2445"]
[Annotator "Tsesarsky,I"]
[PlyCount "95"]
[EventDate "2000.10.16"]
[EventType "tourn"]
[EventRounds "9"]
[EventCountry "ESP"]
[EventCategory "10"]
[SourceTitle "CBM 080"]
[Source "ChessBase"]
[SourceDate "2001.01.25"]
[SourceVersion "1"]
[SourceVersionDate "2001.01.25"]
[SourceQuality "1"]

1. d4 Nf6 2. Bg5 c5 3. Bxf6 gxf6 4. dxc5 ({More popular} 4. d5) ({and} 4. c3
Qb6) 4... Na6 ({Another continuations are:} 4... e5 5. e3 Bxc5 6. Nd2 (6. c3 d5
7. Nf3 Nc6 8. Be2 Be6) 6... d5 7. Nb3 Nc6 8. Nxc5 Qa5+ 9. Qd2 Qxc5 10. O-O-O
Be6 11. Kb1 O-O-O $11 {0-1 Boisan-Stoltz,G/Varna 1962/MCD (54)}) (4... b6 5.
cxb6 Qxb6 6. Qc1) (4... Nc6 5. Nc3 Qa5 6. Nf3 Bh6 7. g3 Qb4 8. Rb1 Qxc5 9. Bg2
b6 10. O-O Bb7) (4... Qa5+) 5. Nd2 (5. c3 $6 Nxc5 6. Qc2 d6 7. Nf3 f5 8. e3 Bd7
9. Nbd2 e6 $15 {0-1 Dengler,P-Bohnsack,R/Bargteheide 1988/EXT 97 (32)}) (5. e4
Nxc5 6. Nc3 {We see sicilian PP structure!} h5 (6... Qa5 7. Qd4 Bg7 8. Bc4 Ne6
9. Qd3 f5 $132 {0-1 Lorenz,G-Heinemann,T/Germany 1997/GER-chT (40)}) (6... e6
7. g3 b6 8. Bg2 Bb7 $11 {1/2-1/2 Haubt,G-Schaller,S/Germany 1999/GER-chT2 (15)}
) 7. Nge2 d6 8. Nd4 a6 $132 {0-1 Schieder,A-Krebs,J/AUT-chT2S 9495 1995/EXT 98
(31)}) (5. Qd4 e6 6. Nc3 Bxc5 7. Qh4 f5 8. Qxd8+ Kxd8 9. e3 Ke7 $11 {0-1
Buchegger,K-Cvitan,O/Oberwart 1996/CBM 53 ext (30)}) (5. Nf3 Nxc5 6. c3 b6 7.
g3 Bb7 8. Bg2 Bg7 9. Nbd2 f5 $11 {1-0 Garcia Palermo,C-Poluljahov,A/Buenos
Aires 1998/CBM 67 ext (27)}) (5. c4 Nxc5 6. Nc3 d6 7. Nf3 Bg7 8. Nd4 f5 9. e3
Bd7 $132 {1/2-1/2 Dishman,S-Mason,D/Birmingham ENG 2000 (24)}) 5... Nxc5 6. g3
f5 7. c3 Bg7 8. Qc2 ({Black has good position also after} 8. Ngf3 d6 (8... d5
$1 $132 {[%csl Rf5,Rf7] ()+^^}) 9. Qc2 Bd7 10. Nd4 e6 $132 (10... Bxd4 $6 11.
cxd4 Ne4 12. Nxe4 fxe4 13. Bg2 (13. Qxe4 Qa5+ $1 $19 {[%csl Re4,Rh1][%cal
Gd7c6]}) 13... Qa5+ 14. Qd2 Qxd2+ 15. Kxd2 Bc6 16. Ke3 $14 {[%csl Re4] 1/2-1/2
Papadopoulou,T-Kouvatsou,M/Poros 1998/EXT 99 (27)})) 8... d5 $132 {We already
can see Black's achievements: Pair of BB and space advantage against doubled
PP f} 9. Ngf3 Bd7 10. Bg2 Rc8 11. O-O b5 12. a3 e6 13. Ne1 $5 (13. Nb3 Ne4 $15)
({Good also} 13. Rad1 O-O 14. Nd4 Ne4 15. Nxe4 fxe4 16. f4 exf3 17. exf3 Qb6
18. Qf2 $132) 13... d4 14. cxd4 (14. c4 bxc4 15. Nxc4 Ba4 $15) 14... Bxd4 {
[%cal Gc8c2]} 15. Qb1 (15. Ra2 Bg7 $15 {[%cal Gc5e4]} (15... Qf6 16. Qb1 (16.
e3 Na4 $17) 16... Na4 17. Nd3 $132)) 15... O-O (15... Bg7 16. Ra2 $11) 16. Ra2
Qe7 (16... Bg7 17. b3 $132) 17. b3 Rc7 {[%cal Gf8c8]} ({Or} 17... Rfd8 18. Nef3
Bg7 19. Rc1 $11) 18. Nef3 Bg7 19. Rc2 {[%cal Gf1c1]} Rfc8 20. Rfc1 {Both sides
do not object to exchange 2 pairs of RR.} (20. b4 Na4 21. Rxc7 Rxc7 22. e4 Nc3
23. Qd3 $11) 20... Be8 (20... e5 21. b4 Ne6 $11) 21. h3 (21. e3 $132) 21... Nb7
22. Rxc7 Rxc7 23. Rxc7 Qxc7 24. g4 $5 {Position is equal, it is difficult to
say, who plays for winning.} Nd6 (24... fxg4 25. hxg4 Qe7 26. b4 $11) 25. Qd3
$2 {[%csl Ra3][%mdl 8192] Bad move} ({After} 25. e3 $11 {position is equal.})
25... Qc1+ {[%csl Ra3]} 26. Nf1 ({Or} 26. Kh2 Qxa3 $17) 26... Qxa3 27. Ng3 Qc1+
(27... fxg4 28. hxg4 Bc6 29. e3 Qc1+ 30. Kh2 Qc5 31. Nh5 Be4 $17) 28. Bf1 Qc5 (
{Or} 28... fxg4 29. hxg4 Qf4 $17) 29. gxf5 Nxf5 30. Nxf5 exf5 $2 $15 {[%csl
Rf5] The first unaccuracy.} ({Right was} 30... Qxf5 $1 31. Qd8 ({Or} 31. Qxf5
exf5 32. e3 a5 $17) 31... Qg6+ 32. Bg2 f5 33. Qb8 Qf7 34. Ne5 Bxe5 35. Qxe5 a5
36. Kf1 a4 $17) 31. Nh4 $2 $17 ({Why not} 31. e3 $1 {[%csl Rb5,Rf5]} Bc6 32.
Nh4 f4 (32... Be4 33. Qxb5 $11) 33. Nf5 Bf6 (33... fxe3 34. Qd8+ Bf8 35. Qg5+
Kh8 36. Qf6+ Kg8 37. Qg5+ $11) 34. exf4 a5 $15) 31... f4 32. Nf5 Qe5 $6 (32...
Bf8 $142 $17) 33. Bg2 $6 (33. Nxg7 $142 $1 Kxg7 34. b4 $1 {[%csl Gb4][%cal
Gb4a5]} f6 35. Bg2 Bh5 36. e3 fxe3 37. fxe3 Qg3 38. Qd7+ Kh6 39. Qd4 Kg6 40.
Qe4+ Kg5 41. Qd5+ Qe5 42. Qxe5+ fxe5 43. Bc6 Kh4 44. Kg2 Be2 45. Be4 h6 46. Bf5
Bc4 47. Kf3 Bd5+ $17 {in this endgame, of course, Black has advantage, but to
realize it not so easy, Black's plan is to take a walk with K to b6 and
promote a7-a5. White can use the time for counterplay on the kingside.} 48. Kf2
h5 49. Bd7 Be4 50. Be6 (50. Be8 Bf5 51. Bxb5 Kxh3 $17) 50... Kg5 51. Bd7 Bd3
52. Bc6 h4 53. Kf3 Bf1 54. Bd7 Bc4 $17) 33... a5 $1 34. Qd8 (34. Nxg7 Kxg7 $17
{and White can't play now b3-b4}) 34... Qxf5 $2 $44 {[%mdl 16384] How Black
dicided to play position with opponent colour BB ?} ({Right was} 34... Bf6 $1 {
[%cal Gf6d8]} 35. Qd3 ({or} 35. Nh6+ Kg7 36. Nf5+ Qxf5 37. Qxe8 Qb1+ 38. Bf1
Qxb3 $19) 35... a4 36. Nh6+ Kg7 37. Ng4 Qa1+ 38. Kh2 Be5 39. Bf3 h5 40. Nxe5
Qxe5 $17) 35. Qxe8+ Bf8 36. Bc6 Qxh3 (36... Qb1+ 37. Kg2 Qxb3 38. Qd7 Qb1 39.
Bxb5 $44) 37. Bd5 $1 {[%csl Rb5,Rf7]} (37. Bxb5 $2 Qxb3 $17) 37... Qg4+ 38. Kf1
Qh3+ 39. Kg1 Qg4+ 40. Kf1 Qf5 41. Qxb5 h5 42. Qd3 (42. Qxa5 h4 $11) 42... Qf6
43. Qh3 Qa1+ 44. Kg2 Qg7+ 45. Kf1 Qg4 46. Qxg4+ hxg4 47. f3 g3 48. Kg2 1/2-1/2

[Event "Redbus KO"]
[Site "Southend"]
[Date "2001.04.13"]
[Round "1.1"]
[White "Hodgson, Julian M"]
[Black "Rowson, Jonathan"]
[Result "1/2-1/2"]
[WhiteElo "2595"]
[BlackElo "2505"]
[Annotator "Tsesarsky,I"]
[PlyCount "67"]
[EventDate "2001.04.13"]
[EventType "k.o."]
[EventRounds "4"]
[EventCountry "ENG"]
[SourceTitle "CBM 083"]
[Source "ChessBase"]
[SourceDate "2001.07.05"]
[SourceVersion "1"]
[SourceVersionDate "2001.07.05"]
[SourceQuality "1"]

1. d4 Nf6 2. Bg5 e6 3. e4 h6 4. Bxf6 Qxf6 5. c3 $132 {This too modest move
can't be recommended. White doesn't want to fight for opening advantage...} ({
Much more agressive is} 5. Nc3 {-mainline.}) 5... d5 {Black is not against
French PP structure.} ({Another quite reliable possibility is} 5... d6 $5 $132)
({Both partners already had played this variation about a month earlier:} 5...
Nc6 6. e5 Qe7 7. h4 d6 8. f4 dxe5 9. fxe5 Bd7 10. Nd2 O-O-O 11. Ngf3 f6 $132 {
1-0 Hodgson,J-Rowson,J/Birmingham ENG 2001/The Week in Chess 332 (51)}) 6. e5 (
6. Bd3 c5 7. e5 Qd8 8. Nf3 Qb6 9. Qb3 Nc6 10. O-O c4 11. Qxb6 axb6 12. Bc2 b5
$132 {1/2-1/2 Trommsdorf,F-Collas,D/Cannes 1995/EXT 98 (47)}) (6. Nd2 c5 7.
dxc5 (7. Ngf3 Nc6 8. dxc5 Bxc5 9. exd5 exd5 10. Nb3 Bb6 11. Be2 O-O 12. O-O Re8
$132 (12... d4 $6 13. Nbxd4 Rd8 14. Qb3 Nxd4 15. Nxd4 Bxd4 16. cxd4 Rxd4 17.
Rad1 Be6 18. Qxb7 Rad8 19. Rxd4 Rxd4 20. Qxa7 Rd2 21. Bb5 Rxb2 22. a4 $16 {
Pert,R-Buckley,S/England 1999/CBM 73 ext/1/2-1/2 (115)})) 7... Bxc5 8. Ngf3 O-O
9. exd5 exd5 $132 {1-0 Summerscale,A-Marusenko,P/Newport 2000/EXT 2001 (61)})
6... Qd8 7. Nf3 (7. b4 $6 a5 (7... b6 8. Nd2 $11 (8. b5 a6 $15)) 8. b5 a4 $5 9.
Bd3 c5 $132 {0-1 Kosten,A-Garcia Ilundain,D/Escaldes 1998/CBM 68/ (60)}) (7. a3
c5 8. b4 cxd4 9. cxd4 a5 10. b5 a4 11. Nc3 Qa5 12. Qd2 Be7 13. Bd3 Nd7 14. Nge2
Nb6 15. O-O Bd7 16. f4 g6 $132 {1-0 Kosten,A-Mory,E/Toulon 1999/CBM 73 ext (43)
}) (7. Nd2 c5 8. dxc5 Bxc5 9. Nb3 Bb6 10. Nf3 Nc6 11. Bd3 Bd7 12. Qe2 Qe7 $11 {
0-1 Ward,C-Marusenko,P/Port Erin 2000/CBM 78 ext (40)}) 7... c5 8. dxc5 Bxc5 ({
It is possible also to sacrifice P, but not necessary.} 8... Nd7 9. b4 g6 (9...
Be7 10. Bd3 Qc7 11. Qe2 a5 12. O-O O-O 13. Nbd2 b6 14. cxb6 Nxb6 15. Rfc1 Bd7
16. c4 dxc4 17. Nxc4 Nxc4 18. Rxc4 Qb7 19. Be4 (19. Nd4 $16 {1/2-1/2 Rogers,
I-Epishin,V/Castrop Rauxel GER 2001/The Week in Chess 335 (46)}) 19... Qa6 20.
Bxa8 Bb5 21. Bb7 $1 Qxb7 22. Qe4 $18) 10. Nbd2 Bg7 11. Bb5 O-O 12. Bxd7 Bxd7
13. O-O Qc7 14. Re1 b6 15. Nb3 Ba4 16. Qd4 Rfc8 17. Rac1 Qb7 18. Nfd2 Rc7 19.
c4 Bxb3 20. Nxb3 bxc5 21. bxc5 Rd8 22. h3 (22. Qh4 g5 23. Qg3 Qa6 24. cxd5 Rxd5
25. Qc3 Qa4 $44) 22... Rcc8 23. Rc2 Qc7 24. f4 Bf8 25. Rec1 {1/2-1/2 Milov,
V-Epishin,V/Amsterdam 2000/CBM 77 ext (25)}) 9. Bd3 Qb6 10. Qe2 Nc6 11. O-O Bd7
12. b4 {Otherwise it is difficult to develop Nb1.} Be7 ({Interesting also} 
12... Bf8 {[%cal Gg7g5,Gf8g7] then g7-g5 and Bf8-g7}) 13. Nbd2 Rc8 {[%csl Rc3]
[%cal Gc8c3]} 14. a3 g5 $1 {Black decided to stay with K in the center.} 15.
Nb3 a5 16. Rac1 a4 17. Na1 $6 $15 {[%cal Ga1c2,Gc2d4] Here the N will be in
offsite during a long time...} (17. Nbd2 $142 g4 18. Ne1 Bg5 19. Rd1 Qc7 ({
Worth of attention Nc6 for 3P exchange:} 19... Bf4 20. g3 Bxe5 (20... Bg5 21.
Kh1 $14 (21. Qxg4 Nxe5 $17)) 21. b5 Bxc3 22. bxc6 bxc6 $13) 20. f4 gxf3 21.
Nexf3 Bf4 22. Rfe1 Rg8 23. c4 $132) 17... g4 18. Nd2 Bg5 19. Rc2 Rg8 20. Kh1 $2
$17 ({Necessary was} 20. b5 $1 {in order to prevent Pe5 Attack.} Na7 21. c4 Be7
$15) 20... Bf4 {[%csl Re5]} 21. g3 Bxd2 22. Rxd2 Rg5 {[%csl Re5]} 23. h4 $2 $19
{Now position of White became hopeless.} ({Right was} 23. Nc2 $1 Nxe5 24. h4
Rh5 25. Ne3 $17) 23... gxh3 24. Nc2 Rxe5 $2 {The weak Pe5 will not run away!} (
{Right was} 24... Na7 {[%csl Rc3][%cal Gc8c3]} 25. Kh2 (25. f4 Rxg3 26. Qh2
Rxd3 $1 27. Rxd3 Bb5 $19) 25... Nb5 $19) 25. Qg4 Rg5 26. Qh4 $6 $19 (26. Qxh3
$142 Qc7 27. Qxh6 Qe5 28. Be2 Nd8 29. f4 Qxc3 30. fxg5 Qxd2 31. Qh8+ Ke7 32.
Qf6+ Kd6 33. Nd4 Rc1 $17) 26... Rg8 27. Re1 Qd8 28. Qxh3 Qf6 29. c4 Ne5 30. Ne3
d4 ({Why not} 30... Nxd3 31. Rxd3 Qxf2 32. Rf1 Qxg3 $19) 31. Nf5 Bc6+ 32. Be4
exf5 33. Bxc6+ Kf8 $2 $17 {Ununderstandable mistake!} ({Of course, Ne5 will be
eat by White, but how many PP over will have Black?} 33... Qxc6+ 34. Kg1 (34.
Qg2 Qxg2+ 35. Kxg2 f6 36. f4 Rxc4 37. fxe5 Rc3 38. exf6+ Kf7 $19) 34... Qe6 (
34... f6 35. f4 Qf3 36. Kh2 Qc3 37. Rdd1 Qb2+ 38. Kh1 Qxa3 {[%csl Rg3][%cal
Ga3g3]} 39. Qh5+ Ke7 40. fxe5 Qxg3 41. exf6+ Kxf6 42. Rg1 Qf4 $19) 35. Rde2 (
35. f4 Nf3+ $19) 35... f6 36. f4 Rxc4 37. fxe5 Rc3 {[%csl Rg3]} 38. Qh5+ Kd8
39. exf6 Rgxg3+ $19) 34. Bxb7 ({After} 34. Bxb7 Rxc4 {Black leaves with
advantage.}) 1/2-1/2

[Event "Bundesliga 0001"]
[Site "Germany"]
[Date "2001.03.11"]
[Round "11.7"]
[White "Agdestein, Simen"]
[Black "Bacrot, Etienne"]
[Result "0-1"]
[WhiteElo "2590"]
[BlackElo "2613"]
[Annotator "Tsesarsky,I"]
[PlyCount "104"]
[EventDate "2000.10.14"]
[EventType "team-tourn"]
[EventRounds "15"]
[EventCountry "GER"]
[SourceTitle "CBM 082"]
[Source "ChessBase"]
[SourceDate "2001.05.17"]
[SourceVersion "1"]
[SourceVersionDate "2001.05.17"]
[SourceQuality "1"]
[WhiteTeam "Luebeck"]
[BlackTeam "Porz"]
[WhiteTeamCountry "GER"]
[BlackTeamCountry "GER"]

1. d4 Nf6 2. Bg5 Ne4 3. Bf4 c5 4. f3 Qa5+ 5. c3 Nf6 6. d5 Qb6 7. Bc1 e6 8. c4
$2 $17 {Losing or sacrificing P - it is not important. In any case, White
hasn't compensation for P lack.} ({Better is all another continuations without
material loss:} 8. e4 $132) (8. dxe6 $132) 8... Qb4+ $1 {[%mdl 4] Kazhgaleyev,
M. This move idea is very simple: to grab the P without any fear of phantoms} (
{More popular is} 8... exd5 $2 9. cxd5 c4 10. e3 Bc5 11. Kf2 O-O {played in
number of games, for example: 1-0 Knaak,R-Meessen,R/Germany 2000/CBM 78 ext 
(32), 1/2-1/2 Hodgson,J-Wells,P/Copenhagen 1996/CBM 54 (39)}) ({"Normal"
continuations are also} 8... d6 $2 $132) (8... Bd6 $2 $132) 9. Nc3 Qxc4 10. e4
Qb4 11. Bd2 (11. d6 c4 12. e5 Nd5 13. Bd2 Qxb2 $17 {0-1 Senk,C-Kachiani
Gersinska,K/Willingen 1999/EXT 2001 (39)}) 11... Qb6 12. Bc4 d6 (12... exd5 13.
Nxd5 {-see very interesting comments tothe game where first time Black played
8...Qb4 1-0 Speelman,J-Kazhgaleyev,M/Luzern 1997/CBM 62 (61)[Stohl,I, Speelman,
J,Kazhgaleyev,M]}) (12... g6 13. dxe6 dxe6 14. e5 Nfd7 15. f4 Bg7 16. Nf3 O-O
$17 {0-1 Orr,M-Howell,D/Bunratty IRL 2001/The Week in Chess 329 (37)}) 13. Nge2
Be7 (13... e5 $17) (13... Qxb2 $4 14. Rb1 Qa3 15. Nb5 $18 {[%csl Ra3]}) 14. a4
e5 (14... Qxb2 $4 15. Rb1 $18 {[%csl Rb2]}) 15. g4 $5 {Desperate attempt to
justify P lack.} h5 $1 ({Not badly also} 15... O-O $17) 16. g5 Nh7 17. Rg1 Nd7
{[%cal Gd7f8,Gf8g6,Gh7f8]} 18. Be3 Qd8 {[%csl Rg5][%cal Gd8g5]} (18... Qxb2 $4
19. Rb1 $18) 19. Qd2 O-O 20. h4 (20. g6 fxg6 21. Rxg6 Rxf3 $19) 20... g6 {
preventing g5-g6 and preparing f7-f6 promotion..} 21. Nc1 f6 $1 22. gxf6 Rxf6
23. Qg2 (23. Nd3 Nhf8 {[%cal Gd7e5] preventing f3-f4} (23... Ndf8 24. f4 $1 $44
) 24. f4 $5 exf4 $1 (24... Rf7 $2 {[%cal Ge7h4]} 25. fxe5 Bxh4+ 26. Kd1 Nxe5
27. Nxe5 dxe5 28. d6 Be6 29. Bxe6 Nxe6 30. Rxg6+ Ng7 31. Qd5 $16) 25. Nxf4 Ne5
26. Be2 Kh7 $17) 23... Ndf8 24. Nd3 Rf7 25. O-O-O $6 $19 (25. f4 $142 Bxh4+ 26.
Kd2 exf4 27. Nxf4 Nf6 28. e5 Ng4 29. e6 $17) 25... Bxh4 (25... Bf6 $143 26. f4
exf4 27. Nxf4 Bg4 $17) 26. Nxe5 (26. f4 Bg4 27. Rdf1 exf4 28. Nxf4 Bf6 $19)
26... dxe5 27. d6 Bf6 $1 {[%csl Ge5]} ({Not} 27... b6 $2 28. Qh2 $1 {[%csl Re5,
Rh5][%cal Gh2h5]} Bg5 29. Bxf7+ Kxf7 30. Bxg5 Nxg5 31. Qxe5 Nxf3 32. Rgf1 Bg4
33. Rd3 Kg8 34. Rdxf3 Bxf3 35. Rxf3 $44) 28. Bxf7+ Kxf7 29. Bxc5 Be6 30. Kb1
Rc8 31. Bxa7 (31. Ba3 Bb3 $19) 31... Rc6 32. d7 Bxd7 {Position of White is
hopeless.} 33. f4 exf4 34. e5 Bf5+ (34... Bxe5 35. Qd5+ Re6 $19) 35. Ka1 Qa5
36. exf6 Qxa7 37. Qd5+ Be6 38. Qe4 Nxf6 (38... g5 $19) 39. Qxf4 Rc4 (39... Bb3
$19) 40. Qd6 Rxc3 41. bxc3 Qxa4+ 42. Kb2 Qb3+ (42... Qa2+ 43. Kc1 Bf5 $19) 43.
Kc1 Qxc3+ 44. Kb1 Qb3+ 45. Kc1 Qc4+ (45... Bf5 $19) 46. Kb2 Qa2+ 47. Kc1 Bf5
48. Qc7+ N8d7 49. Rge1 Qa1+ 50. Kd2 Qb2+ 51. Ke3 Ng4+ 52. Kf4 Qh2+ 0-1